=LDR 00000nam 2200000 4500 =001 INLIS000000000040208 =005 20130612145802 =008 ***********************************Ind** =035 ##$$0010-061300000040208 =041 ##$$a Ind =082 ##$$a 813 =090 ##$$a 813, Sek z =100 ##$$a Sekar, Dewie =245 ##$$a Zona @ last, Dewie Sekar =260 ##$$a 2006 $b Jakarta =300 ##$$a 349 hlm, 20 cm =650 ##$$a Fiksi =850 ##$$a NBPNMAT =990 ##$$a 94239/BPAP-NTB/2014 =990 ##$$a 0001/BPAP-NTB/20142015